• 首页
  • 本馆介绍
  • 公告通知
  • 最新文献
  • 馆藏检索
  • 电子资源
  • 读者导购
  • 参考咨询
  • 我的图书馆
  • 登录
  • 期刊详细显示
  • 现刊情况显示
  • 合订本情况显示
  • 篇目信息显示

期刊信息

  • 表格格式
  • 工作单格式
  • 卡片格式
索取号 
O157/JOGT
题名 
Journal of Graph Theory
作者 
分册号 
分册名 
出版地 
J. comb. des.
出版者 
John Wiley & Sons
标准刊号 
0364-9024
出版频率 
中图法分类 
O157
主题词 
代数; 数论; 组合数学; 代数; 数论; 组合数学
电子资源  http://www.interscience.wiley.com/jpages/1063-8539/     
000 01140nas0 2200373 45
001 0752414381
004 000765987
004 000765987
005 20131205102743.73
007 crucnu
008 uu
008 4001uueng0000000
008 4001uueng0000000
011    @a0364-9024
092    @b513B0086
101 0  @aeng
200 1  @aJournal of Graph Theory
210 0  @aJ. comb. des. @b(Print) @cJohn Wiley & Sons
260    @aNew York, NY : @bJohn Wiley & Sons, @c1993-
300    @av. ; @c26 cm.
310    @aBimonthly
362 0  @aVol. 1, no. 1-
530    @aAvailable online by subscription via the World Wide Web.
606 0  @a代数
606 0  @a数论
606 0  @a组合数学
606 0  @a代数
606 0  @a数论
606 0  @a组合数学
650  0 @aCombinatorial designs and configurations @vPeriodicals.
690    @aO157@v4
801  0 @aCN@bNISOFT@c20131205
856 41 @uhttp://www.interscience.wiley.com/jpages/1063-8539/ @b00 @c20020930 @lNLC09 @h2259 @b00 @c20021031 @lNLC09 @h0151 @lNLC09 @h0133 @b40 @c20030118 @lNLC09 @h1827 @b40 @c20030118 @lNLC09 @h1827
905    @dO157@eJOGT
    
    Journal of Graph Theory.-J. comb. des. ((Print) ):John Wiley & Sons
    
    v. ;.-←识别题名:Available online by subscription via the World Wide Web.
    
    ISSN 0364-9024
    
●
相关链接: 在易读查询期刊 在中国知网中查询期刊 在万方数据查询期刊 在维普查询期刊
唐山师范学院图书馆 欢迎您!
大连网信软件有限公司© 版权所有